Mixed Word: TV Shows III Quiz Stats

 Plays Quiz not verified by Sporcle

Score 0/10 Timer 02:00
0 Plays Today
Scrambled Tv Show Unscrambled Tv Show % Correct
HTE IEDDLM The Middle
95.3%
GKIN FO HET ILHL King of the Hill
93.8%
06 SETUNIM 60 Minutes
91.5%
SUEBL CELUS Blue's Clues
89.9%
ETH WVIE The View
88.4%
SSEEAM TREEST Sesame Street
83.7%
EHT AHCBEORL The Bachelor
79.8%
OOBBENGSP AUSQEPRATNS Spongebob Squarepants
72.1%
RYJEES SEHRO Jersey Shore
64.3%
ELOKH DNA EMALR Khloe And Lemar
48.8%

You're not logged in!

Compare scores with friends on all Sporcle quizzes.
OR
Log In

Show Comments

Extras

Top Quizzes Today


Score Distribution

Your Account Isn't Verified!

In order to create a playlist on Sporcle, you need to verify the email address you used during registration. Go to your Sporcle Settings to finish the process.

Report this User

Report this user for behavior that violates our Community Guidelines.

Details: